Statystyki dla Państwa, w których Prawosławie wyznaje co najmniej 50% ludzi.

Kliknij tutaj aby rozwiązać quiz!

Ogólne statystyki

  • Ten quiz został rozwiązany 210 razy
  • Średni wynik to 11 z 13

Statystyki odpowiedzi

Kontynent%Państwo% Poprawnych
Europa/Azja72Rosja
100%
Europa65.4-76.6Ukraina
98%
Europa83.3Białoruś
93%
Europa93.3Mołdawia
89%
Europa81.1Rumunia
88%
Europa84Serbia
87%
Azja83.4Gruzja
85%
Europa59.4Bułgaria
84%
Europa90Grecja
84%
Europa69.8Macedonia Północna
75%
Europa80Czarnogóra
71%
Europa (państwo nieuznawane)91Naddniestrze
63%
Azja89.1Cypr
54%

Rozkład punktacji

Percentyl według liczby udzielonych odpowiedzi

Procent ludzi z każdym wynikiem

Twoja historia wyników

Nie rozwiązałeś tego quizu